Longest Jeopardy! Streaks - Statistics

General Stats
  • This quiz has been taken 19 times
  • The average score is 5 of 10
Answer Stats
# of Games Won Year of Final Game Answer % Correct
74 2004 Ken Jennings
100%
38 2021 Matt Amodio
73%
32 2019 James Holzhauer
67%
40 2022 Amy Schneider
60%
23 2022 Mattea Roach
60%
20 2014 Julia Collins
33%
21 2022 Chris Pannullo
27%
19 2005 David Madden
27%
19 2019 Jason Zuffranieri
20%
16 2022 Ryan Long
20%
No matching quizzes found
Score Distribution
Percent of People with Each Score
Percentile by Number Answered
Your Score History
You have not taken this quiz